000 00451nmm a2200145Ia 4500
008 251105s9999||||xx |||||||||||||||||und||
041 _aspa
100 _aCervantes Saavedra, Miguel de
245 0 _aEl ingenioso hidalgo Don Quijote de la Mancha (I)
264 _a[Madrid, España] :
_bCastalia Ediciones,
_c2003
300 _a624 páginas
650 _aSpanish narrative
856 _uhttps://public.digitaliapublishing.com/a/31066
942 _cCF
999 _c104204
_d104204